000
00349nam a2200145Ia 4500
005
20250603145923.0
008
250603s9999 xx 000 0 und d
020
_a
978-978-52182-68
050
_a
KP 116 . A5/
100
_a
Ambali, M.A
245
4
_a
The Practice of Muslim Family Law in Nigeria
260
_c
2014
300
_a
27 p
942
_c
BK
999
_c
43245
_d
43245